The Penguin Macquarie dictionary of people and places : A handy guide to Who and Where /
Sparad:
| Materialtyp: | Bok |
|---|---|
| Språk: | English |
| Publicerad: |
Australia :
Penguin books,
1987.
|
| Ämnen: | |
| Taggar: |
Lägg till en tagg
Inga taggar, Lägg till första taggen!
|
| Thư viện lưu trữ: | Mạng thư viện Đại học Đà Nẵng |
|---|
| LEADER | 00852cam a2200325 i 4500 | ||
|---|---|---|---|
| 001 | 000044550 | ||
| 003 | 2951 | ||
| 005 | 20030314125033.0 | ||
| 008 | 010220|1987 vm 000 eng | ||
| 020 | |a 0140512098 | ||
| 040 | |a IRC |c IRC |d IRC | ||
| 041 | 0 | |a eng | |
| 082 | 1 | 4 | |a 903 |b Pe-M |
| 245 | 0 | 4 | |a The Penguin Macquarie dictionary of people and places : |b A handy guide to Who and Where / |c J. R. L. Bernard. |
| 260 | |a Australia : |b Penguin books, |c 1987. | ||
| 300 | |a 732P. ; |c 20,5cm. | ||
| 630 | 0 | 4 | |a Geography. |
| 630 | 0 | 4 | |a Dictionary. |
| 650 | 0 | 4 | |a Geography |v Dictionaries. |
| 650 | 0 | 4 | |a Encyclopedia. |
| OWN | |a DUT | ||
| 999 | |a From the UDN01 | ||
| TYP | |a Monograph | ||
| TYP | |a Printed language | ||
| 980 | |a Mạng thư viện Đại học Đà Nẵng | ||


